000 00299nam a2200121 a 4500
001 4140
005 20140414131935.0
008 090218s19uu xx 00 eng d
050 _aREF 771.3
_bC63 1996
100 _aCodrington, Tessa
245 _aFirst steps in taking photographs.
999 _c112433
_d112433